Komplexe Funktionen und konforme Abbildungen
Na minha lista:
| Autor principal: | |
|---|---|
| Outros Autores: | |
| Formato: | Livro |
| Idioma: | alemão |
| Publicado em: |
Leipzig
Teubner
1982
|
| Edição: | 2. überarb. Aufl. |
| Colecção: | Mathematik für Ingenieure, Naturwissenschaftler, Ökonomen und Landwirte
Band 9 |
| Tags: |
Sem tags, seja o primeiro a adicionar uma tag!
|
MARC
| LEADER | 00000nam a2200000 4500 | ||
|---|---|---|---|
| 001 | c133904 | ||
| 005 | 20041019155259.5 | ||
| 041 | 0 | |a ger | |
| 044 | |a DE | ||
| 245 | 1 | 0 | |a Komplexe Funktionen und konforme Abbildungen |c Otto Greuel, J. Kadner |
| 250 | |a 2. überarb. Aufl. | ||
| 264 | 1 | |a Leipzig |b Teubner |c 1982 | |
| 300 | |a 128 s. | ||
| 490 | 1 | |a Mathematik für Ingenieure, Naturwissenschaftler, Ökonomen und Landwirte |v Band 9 | |
| 830 | 0 | |a Mathematik für Ingenieure, Naturwissenschaftler, Ökonomen und Landwirte |v Band 9 | |
| 100 | 1 | |a Greuel, Otto | |
| 700 | 1 | |a Kadner, J. | |